| 000 | 00625nam a22001937a 4500 | ||
|---|---|---|---|
| 008 | 250630b |||||||| |||| 00| 0 eng d | ||
| 020 | _a9781265072469 | ||
| 040 | _aMksU | ||
| 050 |
_aHF5415 _b.L48 2023 |
||
| 100 | _aLevy, Michael. | ||
| 245 |
_aRetailing management / _cMichael Levy, Barton A. Weitz, Dhruv Grewal. |
||
| 250 | _a11th ed. | ||
| 260 |
_aNew York : _bMcGraw-Hill Education, _c2023. |
||
| 300 |
_axxviii, 643p. : _bill. ; _c28cm |
||
| 650 |
_aRetail trade _xManagement. |
||
| 650 |
_aRetailing _xCase studies. |
||
| 650 | _aMarketing management. | ||
| 942 |
_2lcc _cBOOKS _h HF5415 .L48 2023 |
||
| 999 |
_c32262 _d32262 |
||